01049 2200337 4500001002100000005001500021007000300036008004100039020002200080035002000102040001700122041000800139082001200147084001800159090002400177100002000201245014900221250001700370260004300387300003600430500003300466504002900499650001200528700002800540700003300568850001000601990002500611990002500636990002500661990002500686INLIS00000000000270520260601075233ta260601 0  a978-979-29-5946-8 a0010-0620000078 aSBPUPADbInd07aInd a581.464 a581.464 CAH g a581.464 CAH g L17-40 aCahyo Saparinto1 aGrown Your Own Fruits :bPanduan Praktis Menanam 28 Tanaman Buah Populer Di Pekarangan /cCahyo Saparinto, Rini Susiana; Editor, Sigit Suyantoro a.-Ed.1.cet.1 a.--Yogyakarta :bLily Publisher,c2016 aviii,344 hlm. :bilus. ;c21 cm aTentang Penulis, hlm 343-344 aBibliografi, hlm 329-341 4aTanaman0 aEditor, Sigit Suyantoro0 aPengarang Ke-2, Rini Susiana aPUPAD a34.625a/DAK/DPK/2019 a34.626a/DAK/DPK/2019 a34.627a/DAK/DPK/2019 a34.628a/DAK/DAK/2019